L'art et l'home

Guardat en:
Dades bibliogràfiques
Autor principal: Huyghe, Rene
Format: Llibre
Idioma:Undetermined
Publicat: Paris Librairie Larousse 1958
Matèries:
Etiquetes: Afegir etiqueta
Sense etiquetes, Sigues el primer a etiquetar aquest registre!
Thư viện lưu trữ: Trung tâm Học liệu Trường Đại học Cần Thơ
LEADER 00475nam a2200193Ia 4500
001 CTU_76807
008 210402s9999 xx 000 0 und d
082 |a 709 
082 |b H987/ Vol.3 
100 |a Huyghe, Rene 
245 0 |a L'art et l'home 
245 0 |c Rene Huyghe 
260 |a Paris 
260 |b Librairie Larousse 
260 |c 1958 
650 |a Arts 
650 |x History 
904 |i Mai Loan,Hải 
980 |a Trung tâm Học liệu Trường Đại học Cần Thơ